00778nam a2200217 a 4500001001000000003000400010005001700014008004100031040002500072082002100097100003400118245007200152260007300224300002000297590002700317650003900344910003600383942001300419952011100432999001700543000031714OSt20201005100134.0110630s1957 cau r 000 | spa d aDO-SdBNPbspacBNPHU 4a335.43098bM938c1 aMoya Alonzo, Manuel de95798010aCommunism in the caribbean :ban address /cManuel de Moya Alonzo. aSan Francisco, California :bCommonwealth Club of California,c1957. a19 p. ;c22 cm. aInventariado, 2018/ YL 4aComunismozCaribe, Región976736 aValidao. Control de calidad MFF 2ddccLF1 00102ddc50718RVaPDbPDcCTd2011-06-30iLF1l0o335.43098 M938cp31714-10r2020-06-25w2020-06-25y1 c31206d31206